Medzinárodná konkurencieschopnosť EÚ a vplyv energetickej únie na jej rast

Nosné piliere vytvorenia projektu Európskej energetickej stratégie v rámci nového strategického konceptu. Výkonnosť energetického sektora a jeho konkurencieschopnosť v regiónoch EÚ. Jednotná energetická regulácia a zvyšovanie energetickej bezpečnosti.

Gespeichert in:
Bibliographische Detailangaben
1. Verfasser: Baláž, Peter
Weitere Verfasser: Bayer, Juraj
Format: Buchkapitel
Sprache:Slowakisch
Schlagworte:
Tags: Tag hinzufügen
Keine Tags, Fügen Sie das erste Tag hinzu!

MARC

LEADER 00000naa$a2200000$$$4500
001 0226247
005 20240502073722.1
041 0 |a slo 
044 |a SK 
245 1 0 |a Medzinárodná konkurencieschopnosť EÚ a vplyv energetickej únie na jej rast  |c Peter Baláž, Juraj Bayer 
520 |a Nosné piliere vytvorenia projektu Európskej energetickej stratégie v rámci nového strategického konceptu. Výkonnosť energetického sektora a jeho konkurencieschopnosť v regiónoch EÚ. Jednotná energetická regulácia a zvyšovanie energetickej bezpečnosti. 
610 2 0 |a hospodárstvo energetické 
610 2 0 |a politika energetická 
610 2 0 |a trh energetický 
610 2 0 |a regulácia 
610 2 0 |a bezpečnosť energetická 
610 2 0 |a konkurencieschopnosť 
610 2 0 |a spolupráca medzinárodná 
610 2 0 |a Európska únia 
100 1 |a Baláž, Peter 
700 1 |a Bayer, Juraj